00513nam a22001457a 4500082001800000100002400018245004200042260004300084300001900127563000700146650004000153880004200193880006400235880006800299 a891.4393bZIA aZia,Mashooq Hussain aBurhan-e-Lughat/cMashooq Hussain Zia aLahore:bAl Waqar Publications,c2013. a268p. :c25cm. aHB aPurpose and Scope of the Dictionary 6100-01\(3\raعاشق حسین ضیا 6245-02\(3\raبرہانِ لغت/bعاشق حسین ضیا 6260-03\(3\raلاہور:bالوقار پبلکیشنز,c2013.